El segundo frente del Che en el Congo / (Record no. 17344)
[ view plain ]
| 000 -CABECERA | |
|---|---|
| campo de control de longitud fija | 00641nam a2200193 a 4500 |
| 001 - NÚMERO DE CONTROL | |
| campo de control | 000017820 |
| 005 - FECHA Y HORA DE LA ÚLTIMA TRANSACCIÓN | |
| campo de control | 20200929165236.0 |
| 008 - DATOS DE LONGITUD FIJA--INFORMACIÓN GENERAL | |
| campo de control de longitud fija | 100406s2006 cu ac 000 0 spa d |
| 020 ## - NÚMERO INTERNACIONAL ESTÁNDAR DEL LIBRO | |
| Número Internacional Estándar del Libro | 9592104123 |
| 040 ## - FUENTE DE LA CATALOGACIÓN | |
| Centro catalogador/agencia de origen | DO-SdBNP |
| 082 ## - NÚMERO DE LA CLASIFICACIÓN DECIMAL DEWEY | |
| Número de clasificación | xxx |
| Número de documento/Ítem | V145s |
| 049 ## - FONDOS LOCALES (OCLC) | |
| Fondos de biblioteca | BNPD |
| 100 1# - ENTRADA PRINCIPAL--NOMBRE DE PERSONA | |
| Nombre de persona | Valdés Saldaña, Jorge Risquet |
| Fechas asociadas al nombre | 1930- |
| 9 (RLIN) | 38715 |
| 245 13 - MENCIÓN DE TÍTULO | |
| Título | El segundo frente del Che en el Congo / |
| Mención de responsabilidad, etc. | Jorge Risquet Valdés Saldaña. |
| 260 ## - PUBLICACIÓN, DISTRIBUCIÓN, ETC. | |
| Lugar de publicación, distribución, etc. | La Habana : |
| Nombre del editor, distribuidor, etc. | Casa Editorial Abril, |
| Fecha de publicación, distribución, etc. | 2006. |
| 300 ## - DESCRIPCIÓN FÍSICA | |
| Extensión | 309 p. : |
| Otras características físicas | il., retr. ; |
| Dimensiones | 25 cm. |
| 500 ## - NOTA GENERAL | |
| Nota general | Incluye datos biográficos del autor en la contraportada |
| 500 ## - NOTA GENERAL | |
| Nota general | Incluye notas al pie de las páginas |
| Estado de retiro | Estado de pérdida | Restricciones de uso | No para préstamo | Código de colección | Localización permanente | Ubicación/localización actual | Ubicación en estantería | Fecha de adquisición | Número de inventario | Total de préstamos | Signatura topográfica completa | Código de barras | Fecha visto por última vez | Precio válido a partir de | Tipo de ítem Koha | Número de copia |
|---|---|---|---|---|---|---|---|---|---|---|---|---|---|---|---|---|
| Excluido de préstamo | Monografías: Libros y Folletos | General | General | Depósito | 06.04.2010 | LF1 | xxx V145s | 17820-10 | 25.06.2020 | 25.06.2020 | No se presta | |||||
| Excluido de préstamo | Monografías: Libros y Folletos | General | General | En catalogación | 06.04.2010 | LF1 | xxx V145s | 17820-20 | 25.06.2020 | 25.06.2020 | No se presta | e. 2 | ||||
| Monografías: Libros y Folletos | General | General | En catalogación | 16.04.2010 | LF1 | xxx V145s | 17820-30 | 25.06.2020 | 25.06.2020 | Préstamo en sala | e. 3 |
